Представление документа в формате RUSMARC

ПолеНазваниеЗначение
  Тип записи a
  Библиографический уровень a
001 Контрольный номер RU/CBS_Ul/BASE/526130514
005 Дата корректировки 20250122235506.1
100 Данные общей обработки __
a Данные общей обработки 20160902d2016 ||| 0rusy0189 ca
101 Язык документа 0_
a Язык текста rus
102 Страна публикации __
a Страна публикации RU
105 Кодированные данные (монография) __
a Кодированные данные (монография) y###||||000|y
200 Заглавие и сведения об ответственности 1_
a Заглавие Образование и словесность - сообщающиеся сосуды цивилизации
b Общее обозначение материала Текст
e Сведения, относящиеся к заглавию [интервью с президентом Академии российской словесности, членом Высшего творчества совета Союза писателей России, поэтом, драматургом и художником Ю.А. Беляевым]
g Последующие сведения об ответственности бесед. А. Московский
f Первые сведения об ответственности Ю. Беляев
300 Общие примечания __
a Общие примечания Ограничения по возрасту - 12+
461 Уровень набора _0
1 2000
a Библиотека
463 Уровень физической единицы _0
1 001RU/CBS_Ul/BASE/525969222
1 2000
a № 7
v С. 2-5
1 210
d 2016
606 Тематические рубрики 0_
a Основная рубрика Литературоведение - Россия - 21 в.
610 Ключевые слова 0_
a Ключевые слова российское литературоведение
610 Ключевые слова 0_
a Ключевые слова российские поэты
610 Ключевые слова 0_
a Ключевые слова драматурги
610 Ключевые слова 0_
a Ключевые слова писатели
686 Индексы других классификаций __
a Классификационный индекс 83.3(2Рос=Рус)6
2 Код системы ББК
700 Автор _1
a Фамилия Беляев
b Имя (инициалы) Ю.
801 Источник записи _0
a Страна RU
b Организация МБУК ЦБС г. Ульяновска
c Дата составления 20160902
g Правила каталогизации RCR
801 Источник записи _1
a Страна RU
b Организация МБУК ЦБС г. Ульяновска
c Дата составления 20160902
g Правила каталогизации RCR
901 Тип документа __
t Тип документа f
w Контрольный № источника RU/CBS_Ul/BASE/525969222
910 Корректоры записи __
a Корректор записи Ильина
938 Служебная информация __
a Имя БД period